| 000 -LEADER |
| fixed length control field |
00656nam a22002297a 4500 |
| 003 - CONTROL NUMBER IDENTIFIER |
| control field |
OSt |
| 005 - DATE AND TIME OF LATEST TRANSACTION |
| control field |
20250422153628.0 |
| 008 - FIXED-LENGTH DATA ELEMENTS--GENERAL INFORMATION |
| fixed length control field |
250422b ||||| |||| 00| 0 eng d |
| 020 ## - INTERNATIONAL STANDARD BOOK NUMBER |
| International Standard Book Number |
8123903995 |
| Terms of availability |
Rs 160.00 |
| 040 ## - CATALOGING SOURCE |
| Transcribing agency |
imukc |
| 041 ## - LANGUAGE CODE |
| Language code of text/sound track or separate title |
eng |
| 082 ## - DEWEY DECIMAL CLASSIFICATION NUMBER |
| Classification number |
530 |
| Item number |
S61735 |
| 100 ## - MAIN ENTRY--PERSONAL NAME |
| 9 (RLIN) |
5851 |
| Personal name |
Singh, Abhay Kumar |
| 245 ## - TITLE STATEMENT |
| Title |
Solutions to I.E. Irodov's problems in general physics. Volume I / |
| Statement of responsibility, etc. |
Abhay Kumar Singh |
| 250 ## - EDITION STATEMENT |
| Edition statement |
2nd ed. |
| 260 ## - PUBLICATION, DISTRIBUTION, ETC. |
| Place of publication, distribution, etc. |
New Delhi : |
| Name of publisher, distributor, etc. |
CBS Publishers & Distributors, |
| Date of publication, distribution, etc. |
2005. |
| 300 ## - PHYSICAL DESCRIPTION |
| Extent |
424 p. : |
| Other physical details |
ill. ; |
| Dimensions |
24 cm |
| 650 #0 - SUBJECT ADDED ENTRY--TOPICAL TERM |
| 9 (RLIN) |
36 |
| Topical term or geographic name entry element |
Physics |
|
| 9 (RLIN) |
5852 |
| Topical term or geographic name entry element |
Electrodynamics |
|
| 9 (RLIN) |
119 |
| Topical term or geographic name entry element |
Mechanics |
| 942 ## - ADDED ENTRY ELEMENTS (KOHA) |
| Source of classification or shelving scheme |
|
| Koha item type |
Books |